[Event "Int SVK-ch Open 2020"]
[Site "Drienica"]
[Date "2020.08.13"]
[Round "6.14"]
[White "Panko Eduard st."]
[Black "Stevik, Patrik"]
[Result "1-0"]
[WhiteElo "1958"]
[BlackElo "2047"]
[Annotator "ChessBase"]
[PlyCount "91"]
[EventDate "2020.08.07"]
[EventType "swiss"]
[EventCountry "SVK"]
[TimeControl "40/5400+30:1800+30"]

1. e4 {[%emt 0:00:08]} e5 {[%emt 0:01:55]} 2. Nf3 {[%emt 0:00:28]} c6 {[%emt 0:01:58]} 3. Nxe5 {[%emt 0:02:56]} Nf6 {[%emt 0:00:59]} 4. Nc3 {[%emt 0:03:45]} Qe7 {[%emt 0:00:17]} 5. Ng4 {[%emt 0:02:33]} Nxe4 {[%emt 0:00:29]} 6. Nxe4 {[%emt 0:00:24]} Qxe4+ {[%emt 0:00:43]} 7. Ne3 {[%emt 0:03:38]} d5 {[%emt 0:01:42]} 8. Bd3 {[%emt 0:03:43]} Qh4 {[%emt 0:05:45]} 9. Qf3 {[%emt 0:03:49]} Bd6 {[%emt 0:03:26]} 10. g3 {[%emt 0:05:27]} Qh6 {[%emt 0:03:37]} 11. Bf5 {[%emt 0:05:14]} Be6 {[%emt 0:07:06]} 12. d4 {[%emt 0:07:58]} Qf6 {[%emt 0:02:37]} 13. c3 {[%emt 0:00:07]} Nd7 {[%emt 0:00:42]} 14. Qg4 {[%emt 0:03:38]} h5 {[%emt 0:03:20]} 15. Qh3 {[%emt 0:00:48]} g5 {[%emt 0:05:06]} 16. Bxe6 {[%emt 0:01:25]} fxe6 {[%emt 0:02:11]} 17. Bd2 {[%emt 0:01:50]} g4 {[%emt 0:06:53]} 18. Qg2 {[%emt 0:00:32]} e5 {[%emt 0:00:38]} 19. h3 {[%emt 0:03:17]} Rg8 {[%emt 0:01:50]} 20. hxg4 {[%emt 0:01:01]} hxg4 {[%emt 0:01:50]} 21. O-O-O {[%emt 0:02:42]} O-O-O {[%emt 0:03:34]} 22. Nc2 {[%emt 0:03:16]} Rdf8 {[%emt 0:04:22]} 23. Be3 {[%emt 0:00:48]} Qf5 {[%emt 0:04:45]} 24. Rh6 {[%emt 0:02:10]} Be7 {[%emt 0:02:37]} 25. Rh2 {[%emt 0:03:33]} Bg5 {[%emt 0:00:33]} 26. Bxg5 {[%emt 0:05:57]} Rxg5 {[%emt 0:02:20]} 27. Ne3 {[%emt 0:02:47]} Qf6 {[%emt 0:01:54]} 28. Rd2 {[%emt 0:04:33]} exd4 {[%emt 0:01:08]} 29. cxd4 {[%emt 0:04:07]} Rg7 {[%emt 0:01:00]} 30. Rh4 {[%emt 0:01:41]} Qe6 {[%emt 0:01:38]} 31. Qh1 {[%emt 0:09:47]} Rxf2 {[%emt 0:08:40]} 32. Rxf2 {[%emt 0:00:06]} Qxe3+ {[%emt 0:00:05]} 33. Rd2 {[%emt 0:00:03]} Qxg3 {[%emt 0:00:26]} 34. Rh8+ {[%emt 0:00:18]} Kc7 {[%emt 0:00:06]} 35. Qh6 {[%emt 0:04:09]} Rf7 {[%emt 0:03:30]} 36. Qg5 {[%emt 0:00:41]} Rf6 {[%emt 0:01:44]} 37. Rh7 {[%emt 0:01:01]} Qf3 {[%emt 0:01:34]} 38. Rg7 {[%emt 0:01:38]} Qf1+ {[%emt 0:00:50]} 39. Rd1 {[%emt 0:02:11]} Qc4+ {[%emt 0:00:10]} 40. Kb1 {[%emt 0:00:32]} Rf2 {[%emt 0:00:25]} 41. Rxd7+ {[%emt 0:31:15]} Kxd7 {[%emt 0:31:08]} 42. Qxg4+ {[%emt 0:01:00]} Ke7 {[%emt 0:01:11]} 43. Re1+ {[%emt 0:03:56]} Kf8 {[%emt 0:00:52]} 44. Qc8+ {[%emt 0:00:36]} Kf7 {[%emt 0:00:45]} 45. Qe8+ {[%emt 0:00:14]} Kg7 {[%emt 0:00:11]} 46. Rg1+ {[%emt 0:00:38]} 1-0

[Event "Int SVK-ch Open 2020"]
[Site "Drienica"]
[Date "2020.08.12"]
[Round "6.14"]
[White "Sosovickova, Jana"]
[Black "Janik, Marek Tobias"]
[Result "1/2-1/2"]
[WhiteElo "1829"]
[BlackElo "1549"]
[Annotator "NA"]
[PlyCount "57"]
[EventDate "2020.08.07"]
[EventType "swiss"]
[EventCountry "SVK"]
[SourceTitle "playchess.com"]
[Source "ChessBase"]
[SourceQuality "1"]
[TimeControl "40/5400+30:1800+30"]

1. e4 {[%emt 0:00:00]} c5 {[%emt 0:00:00]} 2. Nf3 {[%emt 0:00:00]} Nc6 {[%emt 0:00:00]} 3. d4 {[%emt 0:00:18]} cxd4 {[%emt 0:00:00]} 4. Nxd4 {[%emt 0:00:31]} Nf6 {[%emt 0:00:05]} 5. Nc3 {[%emt 0:00:47]} e5 {[%emt 0:00:07]} 6. Nf3 {[%emt 0:00:58]} Bb4 {[%emt 0:01:17]} 7. Bd3 {[%emt 0:01:05]} Bxc3+ {[%emt 0:02:10]} 8. bxc3 {[%emt 0:00:46]} O-O {[%emt 0:00:21]} 9. O-O {[%emt 0:02:49]} d6 {[%emt 0:02:55]} 10. h3 {[%emt 0:04:37] B33: Sicilian: Pelikan and Sveshnikov Variations.} h6 {[%emt 0:02:53]} 11. Re1 {[%emt 0:01:45]} Be6 {[%emt 0:02:33] [#]} 12. Ba3 $146 {[%emt 0:04:03]} ({Predecessor:} 12. a4 a6 13. Ba3 Qc7 14. Bf1 Rfd8 15. Qd2 Rd7 16. Qe3 Na5 17. Nd2 Rc8 18. Bb4 Nc6 19. Bd3 Rcd8 20. Rac1 Ne7 21. Nb3 Nc6 22. Red1 Kf8 23. Rd2 Nxb4 24. cxb4 Bxb3 {0-1 (24) Kulak,T (1299)-Kowalczyk,F (1254) Szczyrk 2014}) 12... Qc7 {[%emt 0:04:11]} 13. Nh4 {[%emt 0:05:12]} Rad8 {[%emt 0:05:16]} 14. Qf3 {[%emt 0:03:40]} Rfe8 {[%emt 0:02:14]} 15. Bb2 {[%emt 0:19:58]} Na5 {[%emt 0:14:16]} 16. Nf5 {[%emt 0:01:55]} Bxf5 {[%emt 0:03:36]} 17. Qxf5 {[%emt 0:00:32]} Nc6 {[%emt 0:05:05]} 18. Rab1 {[%emt 0:07:55]} a6 {[%emt 0:22:38]} 19. Re3 {[%emt 0:12:07]} Kh8 {[%emt 0:13:53]} 20. Rg3 {[%emt 0:03:49]} Qe7 {[%emt 0:05:41]} ({Black should try} 20... b5 $17) 21. Rf3 {[%emt 0:06:28]} Qc7 {[%emt 0:00:45]} 22. h4 {[%emt 0:02:07]} Ne7 {[%emt 0:00:27]} 23. Qh3 {[%emt 0:00:52]} d5 {[%emt 0:03:40]} 24. Re3 {[%emt 0:03:02]} d4 {[%emt 0:00:35]} 25. cxd4 {[%emt 0:01:56]} exd4 {[%emt 0:00:05]} 26. Re2 {[%emt 0:04:46]} Ng6 {[%emt 0:00:29]} 27. Bc1 $11 {[%emt 0:02:24]} b5 {[%emt 0:00:34]} 28. g3 {[%emt 0:01:34]} Ne5 {[%emt 0:02:49]} 29. Bf4 {[%emt 0:02:26]} 1/2-1/2

[Event "Int SVK-ch Open 2020"]
[Site "Drienica"]
[Date "2020.08.13"]
[Round "6.15"]
[White "Kardis, Benjamin"]
[Black "Geffert, Peter"]
[Result "1/2-1/2"]
[WhiteElo "2042"]
[BlackElo "1857"]
[Annotator "ChessBase"]
[PlyCount "34"]
[EventDate "2020.08.07"]
[EventType "swiss"]
[EventCountry "SVK"]
[TimeControl "40/5400+30:1800+30"]

1. e4 {[%emt 0:00:04]} c5 {[%emt 0:00:00]} 2. c4 {[%emt 0:00:04]} d6 {[%emt 0:00:12]} 3. Nc3 {[%emt 0:00:57]} Nc6 {[%emt 0:01:34]} 4. d3 {[%emt 0:05:50]} Nf6 {[%emt 0:04:35]} 5. g3 {[%emt 0:01:03]} e5 {[%emt 0:00:57]} 6. Bg2 {[%emt 0:00:25]} a6 {[%emt 0:05:00]} 7. Nge2 {[%emt 0:02:16]} Be6 {[%emt 0:01:39]} 8. O-O {[%emt 0:00:10]} g6 {[%emt 0:00:20]} 9. h3 {[%emt 0:00:06]} Bg7 {[%emt 0:02:25]} 10. Be3 {[%emt 0:01:01]} O-O {[%emt 0:00:51]} 11. f4 {[%emt 0:00:04]} Nd4 {[%emt 0:02:38]} 12. g4 {[%emt 0:04:35]} Bxg4 {[%emt 0:16:43]} 13. hxg4 {[%emt 0:00:18]} Nxg4 {[%emt 0:01:35]} 14. Bf2 {[%emt 0:02:16]} Nxe2+ {[%emt 0:05:08]} 15. Qxe2 {[%emt 0:01:26]} f5 {[%emt 0:03:41]} 16. exf5 {[%emt 0:39:42]} gxf5 {[%emt 0:04:25]} 17. Bf3 {[%emt 0:12:45]} exf4 {[%emt 0:09:35]} 1/2-1/2

[Event "Int SVK-ch Open 2020"]
[Site "Drienica"]
[Date "2020.08.12"]
[Round "6.15"]
[White "Holicky, Miroslav"]
[Black "Magda, Filip"]
[Result "1/2-1/2"]
[WhiteElo "1805"]
[BlackElo "1266"]
[Annotator "NA"]
[PlyCount "75"]
[EventDate "2020.08.07"]
[EventType "swiss"]
[EventCountry "SVK"]
[SourceTitle "playchess.com"]
[Source "ChessBase"]
[SourceQuality "1"]
[TimeControl "40/5400+30:1800+30"]

1. d4 {[%emt 0:00:00]} Nf6 {[%emt 0:00:02]} 2. Nf3 {[%emt 0:00:00]} g6 {[%emt 0:00:45]} 3. g3 {[%emt 0:00:18]} Bg7 {[%emt 0:00:54]} 4. Bg2 {[%emt 0:00:07]} O-O {[%emt 0:00:54]} 5. O-O {[%emt 0:00:09]} d6 {[%emt 0:00:55]} 6. Nbd2 {[%emt 0:00:50]} Bd7 {[%emt 0:02:57] [#] 6...Nc6 is becoming the main line. A49: 1 d4 Nf6 2 Nf3 g6 3 g3: Anti-King's Indian systems.} 7. Nc4 $146 {[%emt 0:07:41]} ({Predecessor:} 7. b3 Qc8 8. Bb2 c5 9. c4 cxd4 10. Nxd4 Bh3 11. Qc2 Bxg2 12. Kxg2 b6 13. f3 Qb7 14. e4 {0-1 (41) Wichmann,C (2215)-Lanka,Z (2510) Munich 1996}) 7... Bb5 {[%emt 0:06:10]} 8. Nfd2 {[%emt 0:13:17]} d5 {[%emt 0:06:20]} 9. Ne5 {[%emt 0:01:56]} e6 {[%emt 0:01:42]} 10. a4 {[%emt 0:06:00]} Bc6 {[%emt 0:02:59]} 11. e3 {[%emt 0:05:03]} Nfd7 {[%emt 0:07:11]} 12. Nd3 {[%emt 0:06:37]} e5 {[%emt 0:02:15]} 13. c3 {[%emt 0:09:23]} exd4 {[%emt 0:06:27]} 14. cxd4 {[%emt 0:00:46]} b6 {[%emt 0:02:44]} 15. b4 {[%emt 0:01:08]} Nf6 {[%emt 0:07:09]} 16. b5 {[%emt 0:00:50]} Bb7 {[%emt 0:00:13]} 17. Ba3 {[%emt 0:00:18]} Re8 {[%emt 0:00:31]} 18. Ne5 {[%emt 0:03:38]} c6 {[%emt 0:03:38]} 19. f4 {[%emt 0:03:45]} cxb5 {[%emt 0:02:23]} 20. axb5 {[%emt 0:00:11]} Nbd7 {[%emt 0:00:17]} 21. Ndf3 {[%emt 0:01:33]} Nxe5 {[%emt 0:00:45]} 22. Nxe5 $11 {[%emt 0:00:33]} (22. dxe5 $16 Ne4 23. Nd2) 22... Nd7 {[%emt 0:02:25]} 23. Bh3 {[%emt 0:04:36]} Nxe5 {[%emt 0:01:41]} 24. fxe5 {[%emt 0:00:23]} Bc8 {[%emt 0:04:29]} 25. Bg2 {[%emt 0:02:03]} Be6 {[%emt 0:00:09]} 26. Bd6 {[%emt 0:00:34]} Bf8 {[%emt 0:01:51]} 27. Bxf8 {[%emt 0:01:45]} Rxf8 {[%emt 0:00:15]} 28. e4 {[%emt 0:08:41]} (28. Qa4 $14) 28... Qd7 {[%emt 0:01:15]} 29. Qd3 {[%emt 0:01:23]} dxe4 {[%emt 0:01:57]} 30. Bxe4 {[%emt 0:04:56]} Bd5 {[%emt 0:00:38]} 31. Rf6 {[%emt 0:02:17]} Bxe4 {[%emt 0:01:31]} 32. Qxe4 {[%emt 0:00:10]} Rad8 {[%emt 0:02:03]} 33. Rd6 {[%emt 0:07:24]} Qxb5 {[%emt 0:01:23]} 34. Rxd8 {[%emt 0:00:11]} Rxd8 {[%emt 0:00:25]} 35. Rxa7 {[%emt 0:00:36]} Qc4 {[%emt 0:02:16]} 36. Ra8 {[%emt 0:01:18]} Rxa8 {[%emt 0:00:27]} 37. Qxa8+ {[%emt 0:00:12]} Kg7 {[%emt 0:00:49]} 38. Qd8 1/2-1/2

[Event "Int SVK-ch Open 2020"]
[Site "Drienica"]
[Date "2020.08.13"]
[Round "6.16"]
[White "Dujava, Daniel"]
[Black "Panko, Radoslav"]
[Result "0-1"]
[WhiteElo "2111"]
[BlackElo "2025"]
[Annotator "TA"]
[PlyCount "54"]
[EventDate "2020.08.07"]
[EventType "swiss"]
[EventCountry "SVK"]

{[%evp 12,54,14,-31,-7,-37,-14,-43,-40,-63,-74,-39,-51,-52,-70,-91,-86,-77,-63,-145,-124,-159,-129,-135,-87,-86,-80,-69,0,-185,-127,-176,-185,-170,-164,-168,-149,-130,-50,-51,-51,-54,-46,-29998,-29999]} 1. e4 e6 2. d4 d5 3. e5 c5 4. c3 Nc6 5. Nf3 Bd7 6. a3 f6 7. exf6 Nxf6 {C02: French: Advance Variation.} 8. Bd3 Bd6 9. O-O O-O {Black is slightly better.} 10. dxc5 Bxc5 11. b4 Bd6 12. c4 Ne5 {[#]} 13. Bb2 $146 ({Predecessor:} 13. cxd5 Nxf3+ 14. Qxf3 exd5 15. Bg5 Qc7 16. h3 Ne4 17. Qe3 h6 18. Bxe4 dxe4 19. Qb3+ {1-0 (30) Delega,T (2081)-Gradalski,P (2309) Warsaw 1999}) 13... Nxf3+ ({Don't play} 13... dxc4 $6 14. Bxe5 Bxe5 {[#]} 15. Bxh7+ $1 {[%mdl 512]} (15. Nxe5 cxd3 16. Qxd3 Bc6 $11) 15... Nxh7 16. Nxe5 $14) 14. Qxf3 Qc7 15. h3 ({White should play} 15. cxd5 $15 Bxh2+ 16. Kh1 exd5 17. Nc3 (17. Bxf6 $2 Rxf6 18. Qxd5+ Be6 $19)) 15... dxc4 $17 {...Bc6 is the strong threat.} 16. Bc2 Bc6 17. Qe2 Bd5 18. Nc3 Rae8 19. Nb5 Qb8 (19... Bh2+ $15 20. Kh1 Qf4 21. Bxf6 Rxf6) 20. Ba4 $2 (20. Nxd6 $11 {and White stays safe.} Qxd6 21. Be5) 20... Bh2+ $19 21. Kh1 a6 22. Nc3 b5 23. Bc2 Be5 24. Rae1 Bxc3 $40 {[%mdl 128] Black attacks.} (24... Bf4 $17 25. Ne4 Qc7) 25. Bxc3 $15 Qf4 26. Be5 Qh4 {( -> ...Qxh3+)} 27. Bg3 $2 {[%mdl 8192] [#]} (27. Kh2 $15) 27... Qxh3+ $1 {[%mdl 64] Double Attack. Accuracy: White = 54%, Black = 80%.} 0-1

[Event "Int SVK-ch Open 2020"]
[Site "Drienica"]
[Date "2020.08.12"]
[Round "6.16"]
[White "Sedlak, Mikulas"]
[Black "Recky, Norbert"]
[Result "1/2-1/2"]
[WhiteElo "1573"]
[BlackElo "1811"]
[Annotator "NA"]
[PlyCount "66"]
[EventDate "2020.08.07"]
[EventType "swiss"]
[EventCountry "SVK"]
[SourceTitle "playchess.com"]
[Source "ChessBase"]
[SourceQuality "1"]
[TimeControl "40/5400+30:1800+30"]

1. e4 {[%emt 0:00:00]} c5 {[%emt 0:00:00]} 2. Nf3 {[%emt 0:00:00]} d6 {[%emt 0:00:00]} 3. d4 {[%emt 0:00:00]} cxd4 {[%emt 0:00:00]} 4. Nxd4 {[%emt 0:00:00]} Nf6 {[%emt 0:00:00]} 5. Nc3 {[%emt 0:00:11]} a6 {[%emt 0:00:06]} 6. Bg5 {[%emt 0:00:06]} e6 {[%emt 0:00:07]} 7. f4 {[%emt 0:00:10]} Be7 {[%emt 0:02:15]} 8. Qf3 {[%emt 0:00:14]} Qc7 {[%emt 0:06:58]} 9. O-O-O {[%emt 0:00:31]} Nc6 {[%emt 0:00:16]} 10. Nxc6 {[%emt 0:00:12]} bxc6 {[%emt 0:00:31]} 11. e5 {[%emt 0:01:11] B98: Sicilian Najdorf: 6 Bg5 e6 7 f4 Be7, sidelines.} dxe5 {[%emt 0:00:35]} 12. fxe5 {[%emt 0:00:35]} Nd5 $1 {[%emt 0:00:31]} 13. Bxe7 {[%emt 0:02:38]} Qxe7 {[%emt 0:00:24]} 14. Ne4 {[%emt 0:01:21]} O-O {[%emt 0:00:34]} 15. Bc4 {[%emt 0:02:39]} Bb7 {[%emt 0:03:45] [#]} 16. Bb3 $146 {[%emt 0:09:12]} ({Predecessor:} 16. Qg3 Kh8 17. Rhe1 Rab8 18. a3 a5 19. h4 Ba8 20. Ng5 Rb6 21. Qd3 g6 22. Rf1 {0-1 (64) Kreie,G (1968)-Rogulis,U (1764) Lieme 2005}) 16... a5 {[%emt 0:02:31]} 17. a4 {[%emt 0:04:42]} Rab8 {[%emt 0:03:48]} 18. c4 {[%emt 0:03:33]} Nb6 {[%emt 0:12:44]} 19. c5 {[%emt 0:10:20]} Nd7 {[%emt 0:03:21]} 20. Qc3 {[%emt 0:01:07]} Ba8 {[%emt 0:02:27]} 21. Bc2 {[%emt 0:06:01]} f6 {[%emt 0:11:09]} 22. exf6 {[%emt 0:02:52]} Nxf6 {[%emt 0:00:23]} 23. Nd6 {[%emt 0:03:04]} Nd5 {[%emt 0:03:08]} 24. Qe5 {[%emt 0:06:46]} Rf6 {[%emt 0:10:26]} 25. Ne4 {[%emt 0:03:58]} Rff8 {[%emt 0:01:42]} 26. Ng5 {[%emt 0:04:40]} g6 {[%emt 0:02:37]} 27. h4 {[%emt 0:08:08]} Qf6 {[%emt 0:04:05]} 28. Qxe6+ {[%emt 0:02:04]} Qxe6 {[%emt 0:00:21]} 29. Nxe6 {[%emt 0:00:05]} Rf2 {[%emt 0:00:48]} 30. Rd2 {[%emt 0:06:16]} Rxd2 $16 {[%emt 0:01:29]} 31. Kxd2 {[%emt 0:00:21]} Rxb2 {[%emt 0:00:22]} 32. Rb1 {[%emt 0:00:50]} Rxb1 {[%emt 0:02:48]} 33. Bxb1 {[%emt 0:00:36]} Kf7 {[%emt 0:00:47]} 1/2-1/2

[Event "Int SVK-ch Open 2020"]
[Site "Drienica"]
[Date "2020.08.13"]
[Round "6.17"]
[White "Mandak, Miroslav"]
[Black "Varga, Lukas"]
[Result "0-1"]
[WhiteElo "1927"]
[BlackElo "2040"]
[Annotator "ChessBase"]
[PlyCount "100"]
[EventDate "2020.08.07"]
[EventType "swiss"]
[EventCountry "SVK"]
[TimeControl "40/5400+30:1800+30"]

1. Nf3 {[%emt 0:00:00]} c5 {[%emt 0:00:00]} 2. c4 {[%emt 0:00:39]} Nf6 {[%emt 0:04:59]} 3. Nc3 {[%emt 0:01:00]} g6 {[%emt 0:02:39]} 4. g3 {[%emt 0:00:47]} Bg7 {[%emt 0:01:51]} 5. Bg2 {[%emt 0:00:27]} O-O {[%emt 0:00:58]} 6. d3 {[%emt 0:02:59]} Nc6 {[%emt 0:03:52]} 7. O-O {[%emt 0:02:02]} d6 {[%emt 0:00:23]} 8. Rb1 {[%emt 0:03:36]} Bd7 {[%emt 0:07:14]} 9. Bd2 {[%emt 0:02:24]} Nd4 {[%emt 0:04:33]} 10. e3 {[%emt 0:08:53]} Nxf3+ {[%emt 0:00:16]} 11. Bxf3 {[%emt 0:00:47]} Bc6 {[%emt 0:03:42]} 12. Bxc6 {[%emt 0:07:00]} bxc6 {[%emt 0:00:04]} 13. Ne2 {[%emt 0:00:43]} h5 {[%emt 0:05:14]} 14. h4 {[%emt 0:00:50]} Qd7 {[%emt 0:01:49]} 15. Kg2 {[%emt 0:01:00]} a5 {[%emt 0:02:41]} 16. Bc3 {[%emt 0:02:58]} a4 {[%emt 0:03:57]} 17. Qc2 {[%emt 0:04:13]} Qf5 {[%emt 0:03:55]} 18. e4 {[%emt 0:01:16]} Qd7 {[%emt 0:02:21]} 19. f3 {[%emt 0:07:58]} e5 {[%emt 0:02:00]} 20. Bd2 {[%emt 0:00:42]} Ra7 {[%emt 0:03:54]} 21. a3 {[%emt 0:00:48]} Nh7 {[%emt 0:02:55]} 22. Nc3 {[%emt 0:02:08]} Rfa8 {[%emt 0:00:43]} 23. Be3 {[%emt 0:03:55]} Nf8 {[%emt 0:00:32]} 24. Rbe1 {[%emt 0:02:23]} Ne6 {[%emt 0:02:08]} 25. Ne2 {[%emt 0:01:06]} Rb7 {[%emt 0:01:19]} 26. Kh2 {[%emt 0:03:46]} Rab8 {[%emt 0:02:11]} 27. Bc1 {[%emt 0:01:50]} Rb3 {[%emt 0:00:17]} 28. Nc3 {[%emt 0:06:01]} Bh6 {[%emt 0:04:24]} 29. Rf2 {[%emt 0:04:11]} Nd4 {[%emt 0:03:55]} 30. Qd1 {[%emt 0:00:27]} Bxc1 {[%emt 0:01:41]} 31. Qxc1 {[%emt 0:00:11]} Rxb2 {[%emt 0:03:44]} 32. Kg2 {[%emt 0:05:19]} R2b3 {[%emt 0:02:14]} 33. Rd1 {[%emt 0:06:54]} Kg7 {[%emt 0:02:09]} 34. Qa1 {[%emt 0:06:45]} Qd8 {[%emt 0:06:26]} 35. f4 {[%emt 0:04:08]} Qa5 {[%emt 0:04:02]} 36. Ne2 {[%emt 0:01:06]} Rb2 {[%emt 0:02:51]} 37. Nxd4 {[%emt 0:01:22]} Rxf2+ {[%emt 0:00:05]} 38. Kxf2 {[%emt 0:00:15]} cxd4 {[%emt 0:00:01]} 39. fxe5 {[%emt 0:02:36]} dxe5 {[%emt 0:01:21]} 40. Qa2 {[%emt 0:02:48]} Qc3 {[%emt 0:00:41]} 41. Rd2 {[%emt 0:30:34]} Qc1 {[%emt 0:30:50]} 42. Qc2 {[%emt 0:00:00]} Qh1 {[%emt 0:00:00]} 43. Qd1 {[%emt 0:00:00]} Qh3 {[%emt 0:00:00]} 44. Qf1 {[%emt 0:00:00]} Qh2+ {[%emt 0:00:00]} 45. Qg2 {[%emt 0:00:00]} Qxg2+ {[%emt 0:00:00]} 46. Kxg2 {[%emt 0:00:00]} Rb3 {[%emt 0:00:00]} 47. Kf3 {[%emt 0:00:00]} Rxa3 {[%emt 0:00:00]} 48. Ke2 {[%emt 0:00:00]} Rb3 {[%emt 0:00:00]} 49. Ra2 {[%emt 0:00:00]} a3 {[%emt 0:00:00]} 50. Kd2 {[%emt 0:00:00]} f5 {[%emt 0:00:00]} 0-1

[Event "Int SVK-ch Open 2020"]
[Site "Drienica"]
[Date "2020.08.12"]
[Round "6.17"]
[White "Marsina, Stefan"]
[Black "Kapolkova, Greta"]
[Result "0-1"]
[WhiteElo "1854"]
[BlackElo "1510"]
[Annotator "NA"]
[PlyCount "77"]
[EventDate "2020.08.07"]
[EventType "swiss"]
[EventCountry "SVK"]
[SourceTitle "playchess.com"]
[Source "ChessBase"]
[SourceQuality "1"]
[TimeControl "40/5400+30:1800+30"]

1. d4 {[%emt 0:01:06]} d5 {[%emt 0:00:00]} 2. Bf4 {[%emt 0:00:21]} Nf6 {[%emt 0:02:01]} 3. Nf3 {[%emt 0:00:08]} c5 {[%emt 0:04:30]} 4. c3 {[%emt 0:02:34]} Qb6 {[%emt 0:02:05]} 5. Qb3 {[%emt 0:01:27]} c4 {[%emt 0:02:46]} 6. Qc2 {[%emt 0:01:34] D02: 1 d4 d5 2 Nf3 sidelines, including 2...Nf6 3 g3 and 2...Nf6 3 Bf4.} Nc6 {[%emt 0:00:47]} 7. Nbd2 {[%emt 0:02:44]} Bg4 {[%emt 0:03:17]} 8. e4 {[%emt 0:21:11]} e6 {[%emt 0:01:14]} 9. Be2 {[%emt 0:16:53]} Be7 {[%emt 0:01:22]} 10. O-O {[%emt 0:00:49]} O-O {[%emt 0:00:38]} 11. Rfe1 {[%emt 0:02:06] [#]} Rfd8 $146 {[%emt 0:05:28]} ({Predecessor:} 11... Rfe8 12. Ne5 Bxe2 13. Rxe2 Nxe5 14. Bxe5 Qc6 15. Rae1 b5 16. exd5 Qxd5 17. Nf3 Nd7 {½-½ (63) Vestly,J (2119)-Rose,D (2165) Oslo 2006}) 12. Ne5 {[%emt 0:06:09]} Bxe2 {[%emt 0:14:16]} 13. Rxe2 {[%emt 0:00:02]} Nxe5 {[%emt 0:00:55]} 14. Bxe5 {[%emt 0:02:13]} Nd7 {[%emt 0:04:03]} (14... Qc6 $11) 15. exd5 {[%emt 0:02:37]} Nxe5 {[%emt 0:04:33]} 16. Rxe5 {[%emt 0:00:26]} Bf6 {[%emt 0:00:38]} 17. Rh5 {[%emt 0:13:17]} ({Much weaker is} 17. Nxc4 Qc7 $15) ({White should try} 17. dxe6 $16 Bxe5 18. exf7+ Kxf7 19. Nxc4 (19. dxe5 Qg6 $16) 19... Bxh2+ 20. Kxh2) 17... g6 {[%emt 0:01:00]} 18. Rh3 {[%emt 0:00:40]} exd5 {[%emt 0:00:35]} 19. Nf3 {[%emt 0:01:39]} Re8 {[%emt 0:01:10]} 20. Qd2 {[%emt 0:01:59]} Bg7 {[%emt 0:01:48]} 21. Rb1 {[%emt 0:02:24]} Qf6 {[%emt 0:03:26]} 22. Re1 {[%emt 0:05:27]} Rxe1+ {[%emt 0:00:30]} 23. Nxe1 {[%emt 0:01:22]} Re8 {[%emt 0:00:59]} 24. Rf3 {[%emt 0:03:10]} (24. Re3 $11 Rxe3 25. Qxe3) 24... Bh6 {[%emt 0:02:14]} 25. Rxf6 {[%emt 0:02:47]} Bxd2 {[%emt 0:00:13]} 26. Nf3 {[%emt 0:01:01]} Bc1 {[%emt 0:01:49]} 27. Rd6 {[%emt 0:03:30]} Bxb2 {[%emt 0:02:01]} 28. Rxd5 {[%emt 0:00:09]} Bxc3 {[%emt 0:00:18]} 29. Kf1 {[%emt 0:00:10]} a6 {[%emt 0:00:54]} 30. a4 {[%emt 0:00:19]} Rb8 {[%emt 0:03:25]} 31. Rc5 {[%emt 0:01:23]} b5 {[%emt 0:00:29]} 32. axb5 {[%emt 0:01:26]} axb5 {[%emt 0:00:11]} 33. d5 {[%emt 0:00:24]} Bf6 {[%emt 0:01:21]} 34. d6 {[%emt 0:01:49]} c3 {[%emt 0:01:37]} 35. Ne1 {[%emt 0:01:22]} b4 {[%emt 0:00:46]} 36. d7 {[%emt 0:00:21]} Rd8 {[%emt 0:00:29]} 37. Rc4 {[%emt 0:01:27]} b3 {[%emt 0:00:24]} 38. Rb4 $19 {[%emt 0:01:06]} b2 {[%emt 0:00:14]} 39. Rc4 {[%emt 0:00:49]} 0-1

[Event "Int SVK-ch Open 2020"]
[Site "Drienica"]
[Date "2020.08.13"]
[Round "6.18"]
[White "Konyves, Almos"]
[Black "Banoci, Jaroslav"]
[Result "1-0"]
[WhiteElo "2090"]
[BlackElo "1833"]
[Annotator "TA"]
[PlyCount "115"]
[EventDate "2020.08.07"]
[EventType "swiss"]
[EventCountry "SVK"]

{[%evp 11,115,23,65,91,114,89,116,113,116,110,122,93,149,130,135,143,160,173,199,157,151,141,208,140,146,135,158,143,173,158,125,140,132,79,36,31,69,56,81,0,0,-47,-14,-33,238,241,522,511,458,275,475,520,514,501,1248,1208,1092,519,506,509,502,486,504,379,548,533,624,575,564,362,485,489,479,483,659,654,665,649,809,588,579,566,540,545,566,581,29974,29975,29974,29976,29976,29977,29970,29971,29982,29983,29980,29974,29984,29985,29985,29986,29986,29987,29988,29989]} 1. e4 d6 2. d4 Nf6 3. Nc3 g6 4. f4 Bg7 5. Nf3 c5 6. Bb5+ Nfd7 7. dxc5 {B09: Pirc Defence: Austrian Attack.} dxc5 8. e5 O-O 9. O-O {White is better.} Na6 {[#]} 10. Qe2 $146 ({Predecessor:} 10. Be3 Ndb8 11. Qe2 Be6 12. Ng5 Qc8 13. Nxe6 Qxe6 14. Bc4 Qc8 15. Nd5 Re8 16. f5 Kh8 17. e6 fxe6 18. fxg6 {1-0 (18) Hacik,R (2210)-Michal,S Bratislava 1998}) 10... Nc7 11. Bd3 a6 (11... b6 $142) 12. Rd1 e6 13. Ne4 Qe7 14. c4 b6 15. Nd6 Rb8 16. Be4 {Threatens to win with Bc6.} Rd8 (16... Ne8 $16 17. Nxc8 Rxc8) 17. Ng5 f6 18. Ngf7 Rf8 19. Nxc8 Rfxc8 20. Nd6 Rd8 21. Nb7 Rdc8 22. Qd3 (22. Bc6 $142 Nf8 23. Nd6) 22... Nf8 $16 23. Qd6 $36 {[%mdl 2048] White fights for an advantage.} Qf7 $1 24. Qxb6 fxe5 25. fxe5 ({Not} 25. Qxc5 Ne8 $17) ({White should try} 25. Qa5 $16) 25... Bxe5 $11 26. Bh6 Nd7 27. Qa5 {And now Nd6 would win.} Bxb2 $2 {[%mdl 8192] Black cannot hold the game after this.} (27... Qf6 $15 {keeps the upper hand.} 28. Rxd7 Qh4) 28. Nd6 $18 {[%mdl 64] Double Attack} Qe7 $2 (28... Qf6) 29. Nxc8 Rxc8 30. Rab1 Bd4+ $2 {[#]} (30... Be5 31. g3 Ne8 32. Qxa6 Rd8) 31. Rxd4 $1 {[%mdl 512]} cxd4 32. Bb7 $1 {[%csl LRa6,LRc8][%mdl 64] Double Attack} Rd8 (32... Re8 $142 33. Qxc7 Nc5 34. Qxe7 Rxe7) 33. Qxc7 d3 34. Rd1 (34. Bc6 $142 {aiming for Rf1.} Qc5+ {[#]} 35. Kh1 $1 {[%mdl 512]}) 34... Qc5+ 35. Qxc5 Nxc5 36. Bf3 Kf7 37. Kf2 Kf6 (37... Rd4 $142 38. Rc1 d2) 38. Ke3 g5 {[#] and the idea ...Kg6 leaves Black hopeful.} 39. h4 $1 gxh4 40. Be4 Rg8 41. Rf1+ Ke7 42. Bxh7 Rh8 43. Bg5+ {[%mdl 64] Double Attack} Kd6 44. Rf7 Nd7 45. Bxd3 h3 46. gxh3 Rxh3+ 47. Rf3 Rh5 48. Rg3 Rh2 49. Bf4+ {White mates.} Kc6 50. Be4+ Kb6 51. Rg7 {[%mdl 64] Discovered Attack} Rh3+ 52. Kd4 e5+ 53. Bxe5 Nxe5 54. Kxe5 Ra3 55. Kd6 Rxa2 56. Rb7+ Ka5 57. c5 Rc2 {[#]} 58. Rb5+ $3 {[%mdl 512] Accuracy: White = 70%, Black = 42%.} 1-0